Developing profitable international trade 1998: (Record no. 100747)
[ view plain ]
| 000 -LEADER | |
|---|---|
| fixed length control field | 00650nam a2200217 a 4500 |
| 008 - FIXED-LENGTH DATA ELEMENTS--GENERAL INFORMATION | |
| fixed length control field | |
| 049 ## - LOCAL HOLDINGS (OCLC) | |
| Holding library | MAIN |
| 090 ## - LOCALLY ASSIGNED LC-TYPE CALL NUMBER (OCLC); LOCAL CALL NUMBER (RLIN) | |
| Classification number (OCLC) (R) ; Classification number, CALL (RLIN) (NR) | REF HF1414.55.ZIM |
| 003 - CONTROL NUMBER IDENTIFIER | |
| control field | |
| 005 - DATE AND TIME OF LATEST TRANSACTION | |
| control field | 20230120191420.0 |
| 040 ## - CATALOGING SOURCE | |
| Transcribing agency | NUST |
| 100 ## - MAIN ENTRY--PERSONAL NAME | |
| Personal name | ZimTrade |
| 245 #0 - TITLE STATEMENT | |
| Title | Developing profitable international trade 1998: |
| Remainder of title | export dirctory of Zimbabwe/ |
| Statement of responsibility, etc. | ZimTrade |
| 246 ## - VARYING FORM OF TITLE | |
| Title proper/short title | Export directory of Zimbabwe. |
| 260 ## - PUBLICATION, DISTRIBUTION, ETC. | |
| Place of publication, distribution, etc. | Harare : |
| Name of publisher, distributor, etc. | ZimTrade, |
| Date of publication, distribution, etc. | 1998. |
| 300 ## - PHYSICAL DESCRIPTION | |
| Extent | 327 p.: |
| Other physical details | ill. ,col. |
| Dimensions | 26 cm |
| 650 ## - SUBJECT ADDED ENTRY--TOPICAL TERM | |
| Topical term or geographic name entry element | Trade |
| Geographic subdivision | Zimbabwe. |
| 650 ## - SUBJECT ADDED ENTRY--TOPICAL TERM | |
| Topical term or geographic name entry element | International trade. |
| 907 ## - LOCAL DATA ELEMENT G, LDG (RLIN) | |
| a | .b10197552 |
| b | 16-01-07 |
| c | 31-03-06 |
| 942 ## - ADDED ENTRY ELEMENTS (KOHA) | |
| Koha item type | Ordinary Loan Books |
| Call number prefix | REF HF1414.55.ZIM |
| Date last seen | Total Checkouts | Full call number | Barcode | Cost, replacement price | Price effective from | Koha item type | Lost status | Source of classification or shelving scheme | Damaged status | Not for loan | Collection | Withdrawn status | Home library | Current library | Shelving location | Date acquired | Cost, normal purchase price |
|---|---|---|---|---|---|---|---|---|---|---|---|---|---|---|---|---|---|
| 01/20/2023 | REF HF1414.55.ZIM | 92003021099 | 80.00 | 01/20/2023 | BOOKS | LCC | NFIC | MAIN | MAIN | GEN | 01/20/2023 | 80.00 |